=LDR 00000nam 2200000 4500 =001 INLIS000000000011359 =005 20210503012235 =035 ##$$a 0010-061300000011359 =008 210503################g##########0#ind## =041 ##$$a Ind =082 ##$$a 338.9 =090 ##$$a 320, Mul P =100 ##$$a Muljarto T =245 1#$$a Politik pembangunan : $b Sebuah analis konsep, arah dan strategi /$c Prof.DR.Moeljarto T.MPA =260 ##$$a Yogyakarta :$b Tiara Wacana,$c 1995 =300 ##$$a xiii, 131 hlm., ; $c 14 x 21 cm =650 #4$$a Politik =850 ##$$a NBPNMAT =084 ##$$a 338.9 MUL p =250 ##$$a cet. 3 =990 ##$$a 00034388 =990 ##$$a 112.746 pro.97 =990 ##$$a 1039406 =990 ##$$a 1039404 =990 ##$$a 1039406 =990 ##$$a 00034388 =990 ##$$a 112.746 pro.97 =990 ##$$a 1039404